| 000 | nam a22 a 4500 | ||
|---|---|---|---|
| 999 |
_c2728 _d2728 |
||
| 003 | AKMAL | ||
| 005 | 20170517155546.0 | ||
| 008 | 170517s1996 my 00 eng d | ||
| 020 |
_a9679785890 (pbk.): _cRM 18.00 |
||
| 040 | _aAKMAL | ||
| 082 | 0 | 4 | _a650.1 FOR |
| 090 |
_a650.1 _bFOR |
||
| 100 | 1 |
_aForrest, Andrew _95762 |
|
| 245 | 1 | 0 |
_a50 ways to personal development / _cAndrew Forrest |
| 260 |
_aPetaling Jaya : _bPelanduk Publications, _c1996 |
||
| 300 |
_a117p. : _b; _c22cm |
||
| 650 |
_aSuccess _92 |
||
| 650 |
_aMaturation (Psychology) _95763 |
||
| 740 | 2 | _aFifty ways to personal development | |
| 942 |
_2ddc _cBOOK |
||